000 00671nam a2200229 i 4500
001 C2-0169392
003 PPAK
005 20180728092546.0
008 980726s1978 io a|||| ||||| | may d
040 _aPPAK
_beng
_cPPAK
_erda
082 0 4 _a297.7
_2 23
090 0 0 _a297.7
_bHAS
_dKIH
090 0 0 _a297.7
_bHAS
_dKSA
100 1 _aHasjmy, A.,
_cProf.
_eauthor
245 1 0 _aDakwah Islamiyah dan kaitannya dengan pembangunan manusia
264 1 _aJakarta, Indonesia :
_bPenerbit Mutiara ,
_c1978
300 _a76 pages :
_billustrations ;
_c21 cm
336 _2rdacontent
_atext
337 _2rdamedia
_aunmediated
338 _2rdacarrier
_avolume
942 _ddc
_cB
999 _c153377
_d153377